Catálogo
 En Linea

Novelas / (Registro nro. 14864)

Detalles MARC
000 -CABECERA
campo de control de longitud fija 01148nam a2200301 a 4500
001 - NÚMERO DE CONTROL
campo de control 000015298
005 - FECHA Y HORA DE LA ÚLTIMA TRANSACCIÓN
campo de control 20200929164015.0
008 - DATOS DE LONGITUD FIJA--INFORMACIÓN GENERAL
campo de control de longitud fija 100204k19931994sp 000 f spa d
020 ## - NÚMERO INTERNACIONAL ESTÁNDAR DEL LIBRO
Número Internacional Estándar del Libro 8475063918
020 ## - NÚMERO INTERNACIONAL ESTÁNDAR DEL LIBRO
Número Internacional Estándar del Libro 8475063977
020 ## - NÚMERO INTERNACIONAL ESTÁNDAR DEL LIBRO
Número Internacional Estándar del Libro 8475063985
020 ## - NÚMERO INTERNACIONAL ESTÁNDAR DEL LIBRO
Número Internacional Estándar del Libro 8475063993
020 ## - NÚMERO INTERNACIONAL ESTÁNDAR DEL LIBRO
Número Internacional Estándar del Libro 8475064000
020 ## - NÚMERO INTERNACIONAL ESTÁNDAR DEL LIBRO
Número Internacional Estándar del Libro 847506390x
040 ## - FUENTE DE LA CATALOGACIÓN
Centro catalogador/agencia de origen DO-SdBNP
Lengua de catalogación spa
Centro/agencia transcriptor BNPHU
082 ## - NÚMERO DE LA CLASIFICACIÓN DECIMAL DEWEY
Número de clasificación 863.5
Número de documento/Ítem P438n
049 ## - FONDOS LOCALES (OCLC)
Fondos de biblioteca BNGR
100 1# - ENTRADA PRINCIPAL--NOMBRE DE PERSONA
Nombre de persona Pérez Galdós, Benito,
Fechas asociadas al nombre 1843-1920
9 (RLIN) 3681
245 10 - MENCIÓN DE TÍTULO
Título Novelas /
Mención de responsabilidad, etc. Benito Pérez Galdós ; editor Manuel Arroyo Sthephens.
260 ## - PUBLICACIÓN, DISTRIBUCIÓN, ETC.
Lugar de publicación, distribución, etc. Madrid :
Nombre del editor, distribuidor, etc. Tuner Libros,
Fecha de publicación, distribución, etc. 1993-1994.
300 ## - DESCRIPCIÓN FÍSICA
Extensión 12 v ;
Dimensiones 23 cm.
500 ## - NOTA GENERAL
Nota general La biblioteca posee los primeros seis volúmenes.
505 0# - NOTA DE CONTENIDO CON FORMATO
Información miscelánea v. 1.
Título La sombra. La fontana de oro. El audaz --
Información miscelánea v. 2.
Título Doña perfecta. Gloria. Marianela --
Información miscelánea v. 3.
Título La familia de León Roch. La desheredada --
Información miscelánea v. 4.
Título El amigo manso. El doctor Centeno. Tormento --
Información miscelánea v. 5.
Título La de bringas. Lo prohibido --
Información miscelánea v. 6.
Título Fortunata y Jacinta.
650 #4 - PUNTO DE ACCESO ADICIONAL DE MATERIA--TÉRMINO DE MATERIA
Término de materia o nombre geográfico como elemento de entrada Novela española
9 (RLIN) 1123
650 #4 - PUNTO DE ACCESO ADICIONAL DE MATERIA--TÉRMINO DE MATERIA
Término de materia o nombre geográfico como elemento de entrada Literatura española
Subdivisión cronológica SIGLO XIX
9 (RLIN) 3067
700 1# - PUNTO DE ACCESO ADICIONAL--NOMBRE DE PERSONA
Nombre de persona Arroyo Stephens, Manuel ,
Término indicativo de función/relación ed.
9 (RLIN) 34595
910 ## - DATOS DE OPCIÓN DEL USUARIO (OCLC)
Datos de opción del usuario WM
Existencias
Estado de retiro Estado de pérdida Restricciones de uso No para préstamo Código de colección Localización permanente Ubicación/localización actual Ubicación en estantería Fecha de adquisición Número de inventario Total de préstamos Signatura topográfica completa Código de barras Fecha visto por última vez Precio válido a partir de Tipo de ítem Koha
    Préstamo interno   Monografías: Libros y Folletos General General Depósito 04.02.2010 LF1   863.5 P438n | v.1 15298-10 25.06.2020 25.06.2020 Préstamo interno
    Préstamo interno   Monografías: Libros y Folletos General General Depósito 04.02.2010 LF1   863.5 P438n | v.3 15298-20 25.06.2020 25.06.2020 Préstamo interno
    Préstamo interno   Monografías: Libros y Folletos General General Depósito 04.02.2010 LF1   863.5 P438n | v.4 15298-30 25.06.2020 25.06.2020 Préstamo interno
    Préstamo interno   Monografías: Libros y Folletos General General Depósito 04.02.2010 LF1   863.5 P438n | v.2 15298-40 25.06.2020 25.06.2020 Préstamo interno
    Préstamo interno   Monografías: Libros y Folletos General General Depósito 04.02.2010 LF1   863.5 P438n | v.5 15298-50 25.06.2020 25.06.2020 Préstamo interno
    Préstamo interno   Monografías: Libros y Folletos General General Depósito 04.02.2010 LF1   863.5 P438n | v.6 15298-60 25.06.2020 25.06.2020 Préstamo interno

Con tecnología Koha